[Event "Santa Cruz-ch"]
[Site "Santa Cruz"]
[Date "2014.10.06"]
[Round "8"]
[White "Martinez, Ariel A"]
[Black "Almendras, Elias"]
[Result "1-0"]
[WhiteElo "2146"]
[BlackElo "2077"]
[PlyCount "42"]
[EventDate "2014.09.29"]
[EventType "tourn"]
[EventRounds "9"]
[EventCountry "BOL"]
[SourceTitle "EXT 2015"]
[Source "ChessBase"]
[SourceDate "2014.11.20"]
[SourceVersion "1"]
[SourceVersionDate "2014.11.20"]
[SourceQuality "1"]

1. e4 c5 2. Nf3 d6 3. d4 cxd4 4. Nxd4 Nf6 5. Nc3 a6 6. h3 e5 7. Nde2 Be7 8. g4 Be6 9. Bg2 0-0 10. Ng3 g6 11. Be3 b5 12. a3 Nbd7 13. Bh6 Rc8 14. Bxf8 Bxf8 15. g5 Ne8 16. h4 Ng7 17. Qd2 Rc4 18. b3 Rc6 19. 0-0-0 Qa5 20. Kb2 b4 21. axb4 Qxb4 1-0

[Event "Santa Cruz-ch"]
[Site "Santa Cruz"]
[Date "2014.10.05"]
[Round "7"]
[White "Martinez, Ariel A"]
[Black "Foronda, Ernesto"]
[Result "1-0"]
[WhiteElo "2146"]
[BlackElo "1700"]
[PlyCount "54"]
[EventDate "2014.09.29"]
[EventType "tourn"]
[EventRounds "9"]
[EventCountry "BOL"]
[SourceTitle "EXT 2015"]
[Source "ChessBase"]
[SourceDate "2014.11.20"]
[SourceVersion "1"]
[SourceVersionDate "2014.11.20"]
[SourceQuality "1"]

1. e4 e6 2. d4 d6 3. Nc3 Ne7 4. g4 Ng6 5. Be3 Be7 6. Nf3 Nd7 7. Qd2 b6 8. h4 h6 9. h5 Nh4 10. Nxh4 Bxh4 11. 0-0-0 Bb7 12. f4 Be7 13. g5 f5 14. Bc4 Nf8 15. gxh6 gxh6 16. d5 Qd7 17. exf5 exf5 18. Qg2 0-0-0 19. Bb5 c6 20. dxc6 Bxc6 21. Bxc6 Qe6 22. Nd5 Nd7 23. Qg6 Nf6 24. Bxb6 Rdg8 25. Qxf5 Qxf5 26. Nxe7+ Kb8 27. Nxf5 axb6 1-0

[Event "Santa Cruz-ch"]
[Site "Santa Cruz"]
[Date "2014.10.02"]
[Round "4"]
[White "Cueto Chajtur, Johny"]
[Black "Martinez, Ariel A"]
[Result "1-0"]
[WhiteElo "2282"]
[BlackElo "2146"]
[PlyCount "81"]
[EventDate "2014.09.29"]
[EventType "tourn"]
[EventRounds "9"]
[EventCountry "BOL"]
[SourceTitle "EXT 2015"]
[Source "ChessBase"]
[SourceDate "2014.11.20"]
[SourceVersion "1"]
[SourceVersionDate "2014.11.20"]
[SourceQuality "1"]

1. d4 d6 2. Bf4 f5 3. e3 Nf6 4. h3 g6 5. Be2 Bg7 6. Nc3 Nc6 7. d5 Ne5 8. Nf3 Nxf3+ 9. Bxf3 0-0 10. Ne2 a5 11. Nd4 a4 12. 0-0 Kh8 13. c4 a3 14. b4 e5 15. dxe6 Qe7 16. Qb3 Ne4 17. Rad1 Bxe6 18. Bxe4 fxe4 19. Nxe6 Qxe6 20. Rd5 b6 21. Rfd1 h6 22. Qc2 g5 23. Bg3 Rf5 24. Rxf5 Qxf5 25. f3 Re8 26. f4 gxf4 27. Bxf4 Qf6 28. Qa4 Qe6 29. Rd5 Rf8 30. Qxa3 c6 31. Rxd6 Qxc4 32. Qb3 Qc1+ 33. Rd1 Qc3 34. Qe6 Qc2 35. Qg4 Qxa2 36. Rd6 Qb1+ 37. Kh2 Qxb4 38. Rxc6 Qb5 39. Qg6 Qd3 40. Bxh6 Be5+ 41. Bf4 1-0

[Event "Santa Cruz-ch"]
[Site "Santa Cruz"]
[Date "2014.10.01"]
[Round "3"]
[White "Martinez, Ariel A"]
[Black "Abasto Chavez, Dorian Quintin"]
[Result "1-0"]
[WhiteElo "2146"]
[BlackElo "1848"]
[PlyCount "77"]
[EventDate "2014.09.29"]
[EventType "tourn"]
[EventRounds "9"]
[EventCountry "BOL"]
[SourceTitle "EXT 2015"]
[Source "ChessBase"]
[SourceDate "2014.11.20"]
[SourceVersion "1"]
[SourceVersionDate "2014.11.20"]
[SourceQuality "1"]

1. e4 c5 2. Nf3 d6 3. d4 cxd4 4. Nxd4 Nf6 5. Nc3 g6 6. Be3 Bg7 7. Qd2 0-0 8. Bc4 Nc6 9. f3 Bd7 10. 0-0-0 Rc8 11. Bb3 Ne5 12. Kb1 Nc4 13. Bxc4 Rxc4 14. h4 Re8 15. h5 Qa5 16. Nb3 Qc7 17. hxg6 fxg6 18. Nd5 Qc8 19. e5 Nxd5 20. Qxd5+ Be6 21. Qd2 dxe5 22. g4 b6 23. Bh6 Bf6 24. Bg5 Bg7 25. Qh2 Kf7 26. Rd2 a5 27. Nc1 Rd4 28. Nd3 Qc4 29. b3 Qb5 30. Be3 Ra4 31. Nxe5+ Qxe5 32. Qxe5 Bxe5 33. bxa4 Rc8 34. Rxh7+ Kf6 35. f4 Bc3 36. Rd3 Bxg4 37. Rxc3 Rxc3 38. Bd4+ Kf5 39. Bxc3 1-0

[Event "Santa Cruz-ch"]
[Site "Santa Cruz"]
[Date "2014.09.29"]
[Round "1"]
[White "Martinez, Ariel A"]
[Black "Monroy Carrizo, Javier"]
[Result "1-0"]
[WhiteElo "2146"]
[BlackElo "1963"]
[PlyCount "54"]
[EventDate "2014.09.29"]
[EventType "tourn"]
[EventRounds "9"]
[EventCountry "BOL"]
[SourceTitle "EXT 2015"]
[Source "ChessBase"]
[SourceDate "2014.11.20"]
[SourceVersion "1"]
[SourceVersionDate "2014.11.20"]
[SourceQuality "1"]

1. e4 c5 2. Nf3 g6 3. d4 Bg7 4. Nc3 cxd4 5. Nxd4 Nc6 6. Be3 Nf6 7. Nxc6 bxc6 8. e5 Nd5 9. Nxd5 cxd5 10. Qxd5 Rb8 11. 0-0-0 Qc7 12. f4 d6 13. Bb5+ Kf8 14. Qc6 Qxc6 15. Bxc6 Bg4 16. Bxa7 Rc8 17. exd6 Rxc6 18. d7 Bxd7 19. Rxd7 Bh6 20. g3 e5 21. Re1 Re6 22. Kd1 Kg7 23. Rxe5 Rxe5 24. Bd4 Ra8 25. fxe5 Kf8 26. Bc5+ Kg7 27. Be7 Be3 1-0

[Event "BOL-ch"]
[Site "Santa Cruz de la Sierra"]
[Date "2014.05.10"]
[Round "7"]
[White "Martinez, Ariel A"]
[Black "Delgadillo, Adonai"]
[Result "0-1"]
[WhiteElo "2169"]
[BlackElo "2169"]
[PlyCount "74"]
[EventDate "2014.05.07"]
[EventType "swiss"]
[EventRounds "9"]
[EventCountry "BOL"]
[SourceTitle "CBM 160 Extra"]
[Source "ChessBase"]
[SourceDate "2014.07.01"]
[SourceVersion "1"]
[SourceVersionDate "2014.07.01"]
[SourceQuality "1"]

1. e4 c5 2. Nf3 d6 3. d4 cxd4 4. Nxd4 Nf6 5. Nc3 a6 6. Be2 e6 7. g4 Be7 8. g5 Nfd7 9. Rg1 Nc6 10. Be3 Qc7 11. Qd2 b5 12. f4 Nc5 13. b4 Nxb4 14. Ncxb5 axb5 15. Qxb4 0-0 16. Nxb5 Qb8 17. e5 Ra4 18. Bxc5 Rxb4 19. Bxb4 Bd7 20. exd6 Bd8 21. a4 Bb6 22. Rg3 Qa8 23. Kd2 Qe4 24. c3 Qxf4+ 25. Kd1 Qe4 26. Kd2 Ra8 27. Bd3 Qf4+ 28. Kc2 Qf2+ 29. Kb3 Bc6 30. Ra2 Qf4 31. Re2 Bf3 32. Rxf3 Qxf3 33. Be4 Qxe2 34. Bxa8 Qd1+ 35. Ka3 Be3 36. Be4 Bc1+ 37. Ka2 Qe2+ 0-1

[Event "BOL-ch"]
[Site "Santa Cruz de la Sierra"]
[Date "2014.05.10"]
[Round "8"]
[White "Mendoza, Rodrigo"]
[Black "Martinez, Ariel A"]
[Result "1-0"]
[WhiteElo "2149"]
[BlackElo "2169"]
[PlyCount "93"]
[EventDate "2014.05.07"]
[EventType "swiss"]
[EventRounds "9"]
[EventCountry "BOL"]
[SourceTitle "CBM 160 Extra"]
[Source "ChessBase"]
[SourceDate "2014.07.01"]
[SourceVersion "1"]
[SourceVersionDate "2014.07.01"]
[SourceQuality "1"]

1. d4 Nf6 2. c4 c5 3. Nf3 e6 4. g3 b6 5. d5 exd5 6. cxd5 d6 7. Nc3 Be7 8. Bg2 0-0 9. 0-0 Re8 10. Re1 Nbd7 11. e4 Bf8 12. h3 Rb8 13. a4 a6 14. Bg5 h6 15. Bf4 Qc7 16. Qc2 b5 17. axb5 axb5 18. Bf1 g5 19. Bd2 b4 20. Nd1 Bg7 21. Rc1 Nf8 22. Bg2 Ng6 23. e5 dxe5 24. Qxc5 Qxc5 25. Rxc5 Bf8 26. Ra5 Bb7 27. Ne3 Rbd8 28. Rb5 Bxd5 29. Bxb4 Bc6 30. Rb6 Nd5 31. Nxd5 Bxd5 32. Bxf8 Kxf8 33. Nh2 Bxg2 34. Kxg2 Rd2 35. Ng4 h5 36. Nf6 Rc8 37. Ne4 Rdc2 38. Nxg5 h4 39. Rb7 R8c7 40. Rxc7 Rxc7 41. gxh4 Nxh4+ 42. Kg3 Ng6 43. h4 Rb7 44. h5 Nf4 45. h6 Rxb2 46. Rxe5 Ng6 47. Nh7+ 1-0

[Event "BOL-ch"]
[Site "Santa Cruz de la Sierra"]
[Date "2014.05.07"]
[Round "1"]
[White "Martinez, Ariel A"]
[Black "Aguilar, Pedro"]
[Result "1-0"]
[WhiteElo "2169"]
[BlackElo "1975"]
[PlyCount "81"]
[EventDate "2014.05.07"]
[EventType "swiss"]
[EventRounds "9"]
[EventCountry "BOL"]
[SourceTitle "CBM 160 Extra"]
[Source "ChessBase"]
[SourceDate "2014.07.01"]
[SourceVersion "1"]
[SourceVersionDate "2014.07.01"]
[SourceQuality "1"]

1. e4 e5 2. Nf3 Nc6 3. Bb5 a6 4. Ba4 Nf6 5. 0-0 Nxe4 6. d4 b5 7. Bb3 d5 8. dxe5 Be6 9. a4 b4 10. a5 Nc5 11. Bg5 Qd7 12. Re1 h6 13. Be3 Nxb3 14. cxb3 Be7 15. Qc2 Bf5 16. Qc1 0-0 17. Bc5 Rfe8 18. Nbd2 Rab8 19. Bxe7 Rxe7 20. Qc5 Rb5 21. Qe3 Rb8 22. Qf4 Be6 23. Rec1 Rb5 24. Nd4 Nxd4 25. Qxd4 Bf5 26. f4 Re6 27. Qa7 Re7 28. Qxa6 Rb8 29. Nf3 Be4 30. Qf1 d4 31. Nd2 Ba8 32. Rc5 f6 33. h3 fxe5 34. fxe5 Rf8 35. Qc4+ Kh8 36. Rf1 Rxf1+ 37. Nxf1 d3 38. Nd2 Qf5 39. Qg4 Qf8 40. e6 Qd8 41. Re5 1-0

[Event "American Continental 09th"]
[Site "Cochabamba"]
[Date "2013.05.15"]
[Round "11"]
[White "Martinez, Ariel A"]
[Black "Rios Gomez, Cristhian Camilo"]
[Result "0-1"]
[WhiteElo "2203"]
[BlackElo "2362"]
[PlyCount "166"]
[EventDate "2013.05.07"]
[EventType "swiss"]
[EventRounds "11"]
[EventCountry "BOL"]
[SourceTitle "CBM 154 Extra"]
[Source "ChessBase"]
[SourceDate "2013.06.25"]
[SourceVersion "2"]
[SourceVersionDate "2013.06.25"]
[SourceQuality "1"]

1. e4 c5 2. Nf3 Nc6 3. d4 cxd4 4. Nxd4 Qb6 5. Nb3 Nf6 6. Nc3 e6 7. Be3 Qc7 8. a3 d6 9. f4 a6 10. g4 b5 11. g5 Nd7 12. Bg2 Nb6 13. Bxb6 Qxb6 14. Qd3 Bb7 15. 0-0-0 b4 16. axb4 Nxb4 17. Qd4 Qxd4 18. Rxd4 Nc6 19. Rd2 Be7 20. Re1 h6 21. h4 hxg5 22. hxg5 0-0-0 23. Kb1 e5 24. fxe5 Nxe5 25. Red1 Rh2 26. Nd4 Bxg5 27. Re2 g6 28. Rf1 Re8 29. Nf3 Nxf3 30. Rxf3 Rh7 31. Ref2 f5 32. exf5 Bxf3 33. Rxf3 gxf5 34. Rxf5 Bd8 35. Bf1 Kb7 36. Bd3 Rg7 37. Ne4 Bc7 38. Nc3 Rge7 39. Rf4 Re5 40. Rb4+ Ka7 41. Rg4 Ra5 42. Ne2 Re3 43. Rg7 Kb7 44. Rg4 Rae5 45. Rb4+ Bb6 46. Nc3 Ka7 47. Rg4 Re1+ 48. Ka2 Ra5+ 49. Na4 Rg1 50. Rf4 Rg7 51. Ka3 Be3 52. Rf5 Rxf5 53. Bxf5 Rg3 54. Bd3 Bd4 55. Kb4 Rg4 56. Kb3 a5 57. Bf5 Rg5 58. Bd7 Kb7 59. Kc4 Kc7 60. Be6 Bf6 61. Bd5 Rg4+ 62. Kb3 Rb4+ 63. Ka3 Rb5 64. Bc4 Rg5 65. Bd3 d5 66. Bb5 Rg4 67. Ka2 Rb4 68. Be8 Kd6 69. Ka3 Rc4 70. Bg6 Bd4 71. Bd3 Bc5+ 72. Nxc5 Rxc5 73. Ka4 Kc6 74. Bg6 Kb6 75. Bf5 Rc4+ 76. Ka3 Kc5 77. Bd3 Rf4 78. Bg6 Rf1 79. Kb3 d4 80. Bh5 Ra1 81. Be8 Kd5 82. Bf7+ Ke4 83. c3 d3 0-1